Welcome to the Holygrace Academy Library

Please use search bar below to get started

PURE DEAD MAGIC (Record no. 3058)

MARC details
000 -LEADER
fixed length control field 00293nam a22001337a 4500
020 ## - INTERNATIONAL STANDARD BOOK NUMBER
ISBN 0-440-41849-6
082 ## - DEWEY DECIMAL CLASSIFICATION NUMBER
Classification number 823
Item number GLI/P
100 ## - MAIN ENTRY--AUTHOR NAME
Personal name GLIORI, DEBI
245 ## - TITLE STATEMENT
Title PURE DEAD MAGIC
260 ## - PUBLICATION, DISTRIBUTION, ETC. (IMPRINT)
Place of publication NEW YORK
Name of publisher DELL YEARLING
Year of publication 2001
300 ## - PHYSICAL DESCRIPTION
Number of Pages 182
650 ## - SUBJECT ADDED ENTRY--TOPICAL TERM
Topical Term NOVEL
Geographic subdivision UNITED STATES
942 ## - ADDED ENTRY ELEMENTS (KOHA)
Koha item type Books
Holdings
Withdrawn status Lost status Collection code Home library Current library Shelving location Date acquired Source of acquisition Full call number Accession Number Koha item type
    Fiction Main Library Main Library SHELF-14E- ALPHABETICAL -E,F,G --ENGLISH NOVELS & FICTIONS 17/10/2011 purchase 823 GLI/P 05627 Books